书目信息 |
| 题名: |
Excel表格制作与数据分析从入门到精通
|
|
| 作者: | ;精英资讯 编著 | |
| 分册: | ||
| 出版信息: | 北京 中国水利水电出版社 2019.10 |
|
| 页数: | X, 500页, [4] 页图版 | |
| 开本: | 24cm | |
| 丛书名: | ||
| 单 册: | ||
| 中图分类: | TP391.13 | |
| 科图分类: | ||
| 主题词: | 表处理软件--biao chu li ruan jian | |
| 电子资源: | ||
| ISBN: | 978-7-5170-7342-0 | |
| 000 | 01221nam0 2200253 450 | |
| 001 | 202019137546 | |
| 005 | 20191026133321.0 | |
| 010 | @a978-7-5170-7342-0@dCNY89.80 | |
| 100 | @a20191022d2019 em y0chiy50 ea | |
| 101 | 0 | @achi |
| 102 | @aCN@b110000 | |
| 105 | @aaf z 000yy | |
| 106 | @ar | |
| 200 | 1 | @aExcel表格制作与数据分析从入门到精通@AExcel biao ge zhi zuo yu shu ju fen xi cong ru men dao jing tong@f精英资讯编著 |
| 210 | @a北京@c中国水利水电出版社@d2019.10 | |
| 215 | @aX, 500页, [4] 页图版@c图@d24cm | |
| 300 | @a“高效办公”系列之Excel财务管理 微课视频版 | |
| 330 | @a本书根据现代企业决策与管理工作的主要特点, 从全新的角度全面地介绍了Excel 2003的强大处理功能在企业决策与管理工作中的具体应用。全书共分15章, 分别介绍了数据的输入、数据的格式化、排序、筛选与分类汇总、数据透视表、公式与函数、图表、Excel与外部数据库的交互、数据分析工具的使用、抽样与问卷调查数据的处理、生产决策数据的处理、经济数据的处理、销售数据的处理、财务管理决策数据的处理、商务决策数据的处理和工程数据的处理等内容。 | |
| 606 | 0 | @a表处理软件@Abiao chu li ruan jian |
| 610 | 0 | @aExcel |
| 690 | @aTP391.13@v5 | |
| 711 | 02 | @a精英资讯@Ajing ying zi xun@4编著 |
| 801 | 0 | @aCN@c20190905 |
| 905 | @a河南城建学院图书馆@dTP391.13@eJ881 | |
| Excel表格制作与数据分析从入门到精通/精英资讯编著.-北京:中国水利水电出版社,2019.10 |
| X, 500页, [4] 页图版:图;24cm |
| “高效办公”系列之Excel财务管理 微课视频版 |
| ISBN 978-7-5170-7342-0:CNY89.80 |
| 本书根据现代企业决策与管理工作的主要特点, 从全新的角度全面地介绍了Excel 2003的强大处理功能在企业决策与管理工作中的具体应用。全书共分15章, 分别介绍了数据的输入、数据的格式化、排序、筛选与分类汇总、数据透视表、公式与函数、图表、Excel与外部数据库的交互、数据分析工具的使用、抽样与问卷调查数据的处理、生产决策数据的处理、经济数据的处理、销售数据的处理、财务管理决策数据的处理、商务决策数据的处理和工程数据的处理等内容。 |
| ● |
| 相关链接 |
|
|
|
正题名:Excel表格制作与数据分析从入门到精通
索取号:TP391.13/J881
 
预约/预借
| 序号 | 登录号 | 条形码 | 馆藏地/架位号 | 状态 | 备注 |
| 1 | 1446257 | 214462570 | 自科库301/301自科库 64排6列4层/ [索取号:TP391.13/J881] | 在馆 | |
| 2 | 1446258 | 214462589 | 自科库301/301自科库 64排6列4层/ [索取号:TP391.13/J881] | 在馆 |